Petit Bac (Géographie) - Lettre I - Statistiques

Statistiques générales
  • Ce quiz a été pris 1 102 fois
  • Le résultat moyen est 7 sur 12
Statistiques - réponses
Thèmes Mots commençant par I % Correct
Pays d'Europe Italie / Irlande / Islande
99%
Pays d'Asie Inde / Iran / Indonésie / Irak / Israël
94%
Mer ou océan Océan Indien / Mer Ionienne / Mer d'Irlande +3
90%
Département français Indre / Isère / Ille-et-Vilaine / Indre-et-Loire
90%
États des États-Unis Idaho / Illinois / Indiana / Iowa
86%
Région de France Île-de-France
72%
Ville des Etats-Unis de plus de 200 000 habitants Indianapolis / Irvine / Irving
44%
Capitale Islamabad
38%
Ville de plus de 5 millions d'habitants Istanbul
35%
Sous-préfecture française Issoire / Issoudun / Istres
30%
Ville européenne de plus de 100 000 habitants Innsbruck / Iéna / Iași / Ingolstadt
21%
Fleuve Ienisseï / Ili / Indiguirka / Indus / Iana / Irminio +4
17%
Aucun quiz correspondant
Distribution des résultats
% des personnes avec chaque résultat
Percentile par nombre de réponses
Votre historique - résultats
Vous n’avez pas pris ce quiz